LIBRARY & INFORMATION CENTRE, KCAET, TAVANUR

ONLINE PUBLIC ACCESS CATALOGUE (OPAC)

Practical inorganic chemistry / (Record no. 9356)

MARC details
000 -LEADER
fixed length control field 00503cam a2200205ua 4500
041 ## - LANGUAGE CODE
Language code of text/sound track or separate title eng
082 ## - DEWEY DECIMAL CLASSIFICATION NUMBER
Classification number 546
Item number SIT/PR
100 ## - MAIN ENTRY--AUTHOR NAME
Personal name Sitaraman, M V .
245 ## - TITLE STATEMENT
Title Practical inorganic chemistry /
250 ## - EDITION STATEMENT
Edition statement 1 /
260 ## - PUBLICATION, DISTRIBUTION, ETC. (IMPRINT)
Place of publication Madras :
Name of publisher Central Art press ,
Year of publication 1956.
300 ## - PHYSICAL DESCRIPTION
Number of Pages 68 ; .
700 1# - ADDED ENTRY--PERSONAL NAME
Personal name Gopalakrishnaiah, B .
942 ## - ADDED ENTRY ELEMENTS (KOHA)
Koha item type Books
Holdings
Withdrawn status Lost status Damaged status Home library Current library Date acquired Cost, normal purchase price Full call number Accession Number Koha item type
Withdrawn     KAUAET KAUAET 07/04/2012 0.75 546 SIT/PR 7242 Books
Withdrawn     KAUAET KAUAET 07/04/2012 0.75 546 SIT/PR 7377 Books
free website counter